| 000 | 02037nam a2200313 a 4500 | ||
|---|---|---|---|
| 001 | 000014884 | ||
| 003 | DO-SdBNP | ||
| 005 | 20250428134901.0 | ||
| 008 | 100127s2008 dr abd 001 0 spa d | ||
| 020 | _z9945859501 | ||
| 040 |
_aDO-SdBNP _bspa _cBNPHU |
||
| 082 |
_a333.72 _bF727a, 2008 |
||
| 111 | 1 |
_aForo sobre Desarrollo Humano _cSanto Domingo, República Dominicana _d1: 2006: _933715 |
|
| 245 | 1 | 0 |
_aÁreas protegidas y desarrollo humano : _b¿por qué proteger a una iguana cuando hay niños desnutridos ? / _ccoordinación general Rosa Cañete Alonso y Miguel Silva. |
| 250 | _a2a. ed. | ||
| 260 |
_aSanto Domingo : _bPNUD, _c2008. |
||
| 300 |
_a157 p. : _bil., gráf., map. ; _c23 cm. |
||
| 504 | _aBibliografía : p. 147 151 | ||
| 505 | 0 | _aPrólogo -- Introducción -- Áreas protegidas y desarrollo humano -- El Sistema Nacional de Áreas Protegidas de República Dominicana (1956-2006): 50 años de evolución histórica hacia el desarrollo humano -- Conflictos entre involucrados con el uso y gestión de las áreas protegidas -- Participación del público y respuestas de los expositores -- Las experiencias exitosas de Bolivia, Bostwana, Perú, Ghana y Congo -- El programa de pequeños subsidios: su contribución al desarrollo y empoderamiento local --Reserva científica Loma Quita Espuela, provincia Duarte -- Monumento natural Salto del Limón, provincia Samaná -- Participación del público -- Conclusión -- Notas -- Bibliografía -- Anexos. | |
| 590 | _aInventariado, 2018/LP | ||
| 650 | 7 |
_aÁreas protegidas _zRepública Dominicana _97050 _vCongresos, conferencias, etc. |
|
| 650 | 4 |
_aConservación recursos naturales _zRepública Dominicana _9183 _vCongresos, conferencias, etc. |
|
| 650 | 4 |
_aParques nacionales _zRepública Dominicana _9184 _vCongresos, conferencias, etc. |
|
| 700 | 1 | 2 |
_aSilva, Miguel, _ecoor. _9186 |
| 700 | 1 | 2 |
_aCañete Alonso, Rosa, _ecoor. _9185 |
| 710 | 2 |
_aPrograma de las Naciones Unidas para el Desarrollo _9187 |
|
| 910 | _aValidado. Control de calidad MFF | ||
| 942 |
_2ddc _cLBS1 |
||
| 999 |
_c14464 _d14464 |
||